[Event "World-ch Tournament"]
[Site "Mexico City"]
[Date "2007.09.28"]
[Round "13"]
[White "Leko, Peter"]
[Black "Morozevich, Alexander"]
[Result "1-0"]
[WhiteElo "2751"]
[BlackElo "2758"]
[Annotator "Postny,E"]
[PlyCount "65"]
[EventDate "2007.09.13"]
[EventType "tourn"]
[EventRounds "14"]
[EventCountry "MEX"]
[EventCategory "21"]
[SourceTitle "CBM 120"]
[Source "ChessBase"]
[SourceDate "2007.10.02"]
[SourceVersion "1"]
[SourceVersionDate "2007.10.02"]
[SourceQuality "1"]

1. e4 c5 2. Nf3 d6 3. d4 cxd4 4. Nxd4 Nf6 5. Nc3 Nc6 6. Bg5 e6 7. Qd2 a6 8.
O-O-O Bd7 9. f3 {The most solid line. White strengthens his center and
prepares the basis for a kingside offensive by g2-g4. The alternative 9.f4
usually leads to a more forced play.} Be7 10. Be3 {Moving back the bishop,
White is preparing the run of the g-pawn.} ({An immediate} 10. g4 $6 {can be
met by} h5 $132 {and White can't reply with g4-g5.}) ({Other common
alternatives are:} 10. h4) ({and} 10. Kb1) 10... h5 $5 {Fighting against g2-g4.
On the other hand, this move weakens Black's kingside and particularly the g5
square.} ({A typical kingside assault was perfectly performed by Anand in the
following game:} 10... Rc8 11. g4 Na5 12. Kb1 b5 13. Bd3 Nc4 14. Bxc4 Rxc4 15.
Nce2 O-O 16. g5 Ne8 17. h4 Qc8 18. b3 Rc7 19. Nf4 Rc3 20. Rdg1 b4 21. h5 Nc7
22. g6 Bf6 23. h6 $1 fxg6 24. hxg7 Rf7 25. Rxh7 $1 Kxh7 26. Qh2+ Kxg7 27. Nxg6
Rxe3 28. Ne7+ Kf8 29. Nxc8 {1-0 Anand,V (2766)-Timman,J (2578)/Wijk aan Zee
2004/CBM 099}) 11. Kb1 Qc7 12. Nxc6 $1 $146 {[%mdl 8] A very sound approach.
White exchanges the black knight before it becomes active by Nc6-e5-c4.} (12.
h3 h4 13. Bd3 Na5 14. Nb3 Nc4 $6 (14... Nxb3 $142 15. axb3 Bc6) 15. Bxc4 Qxc4
16. Bf4 $1 e5 17. Bg5 $14 {[%csl Gd5] 1-0 Cvek,R (2530)-Borriss,M (2463)/
Bindlach GER 2007/The Week in Chess 645 (67)}) (12. Bd3 Ne5 13. h3 h4 14. Bg5
b5 15. f4 Nc4 16. Bxc4 Qxc4 17. e5 b4 18. exf6 gxf6 19. Ne4 fxg5 20. fxg5 e5
$132 {0-1 Korneev,O (2565)-Swinkels,R (2422)/Maastricht NED 2007/The Week in
Chess 658 (40)}) 12... bxc6 $2 {[%cal Gd6d5][%mdl 16384] Already the critical
moment of the game. This recapture looks very natural, but in fact the arising
position favours White. As the continuation of the game showed, Black can't
make real benefit from the opened b-file, and his central pawns won't be
mobile at all.} ({It was necessary to recapture with the bishop:} 12... Bxc6 {
In my opinion, Black is slightly inferior here, but keeps a playable position.
Here are few possible lines for instance:} 13. Bg5 {At the press-conference
after the game Leko told that he intended to play this move and evaluated the
position as clearly better for White. I think that this evaluation is too
harsh and the matters are not that sad for Black.} (13. Bf4 O-O-O 14. Bd3 (14.
Qf2 h4 {The penetration of the white queen to a7 is actually not dangerous for
Black due to Qc7-b8.}) 14... Nd7 15. Rhe1 Ne5 16. Qe3 Kb8 17. Bg3 g5 18. Bf2 b5
$13 {[%csl Ge5]}) (13. Ne2 $5 {[%cal Ge2d4]} d5 (13... O-O-O 14. Nd4 $14) (
13... b5 {is possible, but then where the black monarch will castle?}) 14. e5
$1 Nd7 (14... Qxe5 $2 15. Bf4 Qf5 16. Nd4 Qh7 17. Bd3 $16 {Black's queen will
be completely out of play.}) 15. f4 $14) 13... O-O-O 14. Qe3 Kb8 15. Be2 Rc8 {
followed by 16...Rhd8 and Black is only slightly worse.}) 13. Bf4 $1 {[%csl
Rd6] White must prevent d6-d5.} e5 14. Bg5 Be6 15. Bxf6 $1 {Forcing Black to
spoil his pawn structure.} gxf6 16. f4 $1 {White is intending to kick away the
black light-squared bishop by f4-f5 and then occupy the diagonal a2-g8 by his
own bishop.} a5 (16... Rb8 17. f5 Qb7 18. Qc1 $1 (18. b3 $6 Bc8 19. Bc4 {
is worse, since the dark squares near the white monarch are weakened.}) 18...
Bf8 {[%cal Gf8h6]} 19. Ka1 (19. fxe6 $4 Bh6 $19) 19... Bc8 20. Bc4 Bh6 21. Qb1
$16 {White's queen is only temporarily passive and will easily come out after
Bc4-b3 and Rd1-d3.}) 17. f5 Bd7 $6 {The bishop is passive on d7. It was
preferable to retreat to c8 manoeuvring it to a6.} (17... Bc8 18. a4 Rb8 19.
Bc4 Rb4 20. Bb3 Ba6 {White is better in any case, but at least Black's pieces
are more active than in the game.}) 18. a4 $1 {Preventing further advance of
the a-pawn. Now, White is going to put his bishop on b3 which will neutralize
completely Black's pressure along the b-file.} Rb8 19. Bc4 Rb4 20. Bb3 {
The transfer of the bishop to b3 made White's position rock-solid. Actually,
Black's play along the b-file came to it's "dead point". The freeing advance
d6-d5 will never be possible for Black since 5 (!) White's pieces control the
d5 square. As for the strategic values, Black's main weakness is Ph5 which
White is going to attack and capture. Another important factor is that Black's
king is stuck in the center and therefore Black's rooks are not coordinated. I
would say that White's position is strategically won. Even the well-known
creativity of Morozevich did't help him here.} Qb6 21. Rhe1 Rd4 ({An attempt
to move the king to c7 does not work:} 21... Kd8 22. Re3 Kc7 23. Rd3 $18 {
[%cal Gd3d6]}) ({The exchange sacrifice looks more like a desperation:} 21...
Rxb3 22. cxb3 Qxb3 23. Re3 $18) ({The g-file also brings Black no benefit:} 
21... Rg8 22. Re3 {[%cal Ge3h3]} Rxg2 $2 (22... Rg5 23. Rh3 {[%csl Rh5][%cal
Gd2e2]}) 23. Qxg2 Qxe3 24. Qg8+ $18) 22. Qe2 Rxd1+ $6 {Releasing the pressure
too early.} (22... Bc8 {was called for, though it would not change much the
evaluation of the position.}) 23. Rxd1 Qc5 24. Rd3 {White's plan is as simple
as effective: to transfer the rook to h-file and to capture the isolated Ph5.
There is nothing really Black can do about it, his active queen alone can't
cause much harm for White.} h4 (24... d5 25. exd5 Bxf5 26. Rd2 $18 {Black's
position is just ruined.}) 25. Rh3 Bd8 26. Ka2 $1 {A useful prophylactic move
against the potential check on g1. White should not be in a hurry.} Kf8 ({Again
} 26... d5 {won't help} 27. Qg4 ({Less convincing is} 27. exd5 $6 Bxf5 28. Ne4
Qb4 29. Re3 cxd5 30. c3 Qb6 31. Bxd5 Be7) 27... d4 28. Nb1 $18 {[%csl Rh4] The
Ph4 is doomed, while the white knight will easily find its way to c4.}) 27. Qe1
{[%csl Rh4] That's it. White is winning the pawn and the game.} Be8 28. Rxh4
Rxh4 29. Qxh4 Qg1 30. Qh8+ Ke7 31. h4 {[%csl Gh4] There is nothing what can
stop the h-pawn from its promotion.} d5 {Desperation, but Black's position is
far beyond any good advice.} 32. exd5 Qxg2 33. h5 {[%mdl 32] Black resigned. A
nice positional effort by Peter Leko.} 1-0

[Event "USA-ch"]
[Site "Saint Louis"]
[Date "2017.04.07"]
[Round "9"]
[White "Naroditsky, Daniel"]
[Black "Shabalov, Alexander"]
[Result "1/2-1/2"]
[WhiteElo "2646"]
[BlackElo "2556"]
[Annotator "Prasanna,V"]
[PlyCount "123"]
[EventDate "2017.03.29"]
[EventType "tourn"]
[EventRounds "11"]
[EventCountry "USA"]
[EventCategory "18"]
[SourceTitle "CBM 178"]
[Source "ChessBase"]
[SourceDate "2017.05.14"]
[SourceVersion "1"]
[SourceVersionDate "2017.05.14"]
[SourceQuality "1"]

1. e4 c5 2. Nf3 d6 3. d4 cxd4 4. Nxd4 Nf6 5. Nc3 Nc6 6. Bg5 e6 7. Qd2 a6 8.
O-O-O Bd7 {Alexander Shabalov's game almost always promised a fight. Here he
chooses the most popular Classical Sicilian according to current theory.} 9. f4
b5 10. Bxf6 gxf6 11. Nxc6 (11. Kb1 {is the most popular move order and only
after} Qb6 12. Nxc6 Bxc6) 11... Bxc6 12. Kb1 $5 {Naroditsky's idea is to tempt
White into accepting a dangerous pawn on e4.} (12. Qe1 {has been the topic of
debate for many years and theoretically Black is fine.}) 12... b4 {Shabalov
decides to accept the 'gift'.} (12... h5 {1/2-1/2 (29) Kiran,M (2160)-Gupta,A 
(2605) Pune IND 2015. The leading expert of this variation Abhijeet Gupta
chose not to accept the pawn.}) (12... Qb6 {was still possible, transposing to
the usual lines}) 13. Ne2 Bxe4 14. Ng3 Bc6 (14... d5 15. Nxe4 dxe4 16. Qe1 $16
{[%csl Re8] White has a big advantage because of the opposite coloured bishops
and the weak black king.}) 15. Qxb4 $5 (15. f5 {A previous game continued.} e5
16. Bc4 Qa5 17. Nh5 Qd8 18. Rhe1 {When White has good compensation for the
pawn.} Rg8 19. Qe2 Rxg2 20. Bxf7+ Ke7 21. Qc4 Qc8 22. Be6 Qb7 23. Bg8 Kd8 24.
Nxf6 Rc8 25. Nxh7 Bf3 26. Qh4+ Kc7 27. Nxf8 Bxd1 28. Rxd1 Kb8 29. Nd7+ Qxd7 30.
Qxb4+ Ka7 31. Bb3 Qxf5 32. Rc1 Rc5 33. Qh4 Qg5 34. Qh7+ Qg7 35. Qd3 Qg6 36. Qh3
Qg7 37. a4 Rg1 38. Rxg1 Qxg1+ 39. Ka2 Rc7 40. Qe6 Qd4 41. c3 Qc5 42. Bd5 Rg7
43. h4 Qc7 44. Qf6 Re7 45. b4 a5 46. Kb3 axb4 47. cxb4 Rg7 48. Qf3 Qb6 49. a5
Qg1 50. Ka4 Qa1+ 51. Kb5 Qd4 52. h5 Re7 53. Qe4 Qd2 54. Qc4 e4 55. Qc6 Qe2+ 56.
Ka4 Qd1+ 57. Kb5 Qe2+ {1/2-1/2 (57) Colmenares,A (2331)-Dourerassou,J (2477)
Basel SUI 2015}) 15... Be7 ({Black would like to play} 15... h5 {to prevent
White's knight move but he also faces the threat of} 16. Ne4 d5 17. Qc3 {
[%csl Rc6,Rf6]}) (15... d5 16. Qc3 Qc7 (16... Rc8)) 16. Nh5 (16. Ne4) (16. f5 {
is a probably a more critical test for Black.} d5 17. Qc3 Qb6 18. fxe6 fxe6 19.
Nh5 Rf8 20. Be2 O-O-O $13 {Its hard to say if Black has enough compensation
but there lies a long and interesting struggle ahead.}) 16... a5 $6 {I am not
sure what purpose this move serves except improving White's queen position.A
better one is} (16... Rg8 $1 17. Qc3 Be4 18. Qd4 f5 $11) 17. Qc3 Be4 18. f5 $1
{The move is very tempting and interesting and would be hard to not play it in
a tournament game.} (18. Bd3 $5 Rc8 19. Qd2 Bxd3 20. Qxd3 Qc7 21. f5 $16) 18...
Rc8 (18... Bxf5 {is just horrendous for Black.} 19. Ng7+ Kf8 20. Nxf5 exf5 21.
Bc4) 19. Qe3 (19. Qd2 Bxc2+ (19... Rxc2 20. Bb5+ $18) 20. Ka1 Rc5 21. Rc1 {
[%csl Rc2] The bishop is hanging.} Qc8 22. Bb5+ Rxb5 23. Rxc2 Rc5 24. Rxc5 Qxc5
25. Rc1 $40) 19... Bxc2+ 20. Ka1 Rc5 (20... Bxd1 21. Bb5+ Kf8 22. Qh6+ $18) 21.
Rc1 Qc8 22. Be2 Rg8 23. fxe6 Qxe6 (23... fxe6 {is scary in a practical game
but is the correct way for Black.} 24. Rxc2 Rxc2 25. Bb5+ Kf7 26. Qh6 Rcxg2 27.
Qxh7+ R2g7 28. Nxg7 Rxg7 $11 29. Be8+ Qxe8 30. Qh5+ Kf8 31. Qh8+ Kf7 32. Qh5+)
24. Qd2 Ba4 $2 (24... Be4 25. Rxc5 dxc5 26. Bb5+ Bc6 27. Re1 Bxb5 28. Rxe6 fxe6
29. Nf4 $16) 25. Bf3 Bd7 26. Rxc5 dxc5 27. Rd1 (27. Re1 Qb6 28. Qh6 $18) 27...
Bc8 28. Nf4 (28. Qh6 $18 {simply wins the exchange and the game} Rg6 29. Ng7+
Rxg7 30. Qxg7) 28... Qe5 29. Re1 Qd4 30. Qe2 Qd6 31. Qe4 Kf8 32. g3 f5 33. Qa8
Kg7 34. Qxa5 Kh8 {Black has consolidated from a completely lost position to a
slightly worse position.} 35. Nh5 Bd8 36. Qc3+ Qd4 37. Qc1 $2 (37. Qxd4+ cxd4
38. b4 $16) 37... Be6 38. Rd1 Qe5 39. Nf4 Bf6 {Black is okay.} 40. Nd3 $2 (40.
Nh5 Bd8 $11) 40... Qb8 41. Nf4 Rc8 $6 {Quite passive. Black probably did not
realise that he was already better.} (41... Qb4 {with the idea of ...Rb8.}) 42.
Ne2 Rc7 43. Nc3 Kg7 44. Bd5 Bc8 45. Bc4 Rb7 46. Re1 Rb4 47. Bb3 Bb7 (47... Rxb3
48. axb3 Qxb3 $44) 48. Qd2 Be4 49. g4 c4 (49... Rxb3 50. axb3 Qa8+ 51. Na4 fxg4
$44 {It's easier to play this position as Black.}) 50. gxf5 Bxf5 51. Nd5 Rxb3
52. Nxf6 c3 53. Nh5+ Kg8 54. Rg1+ Bg6 55. Rxg6+ hxg6 56. Nf6+ Kg7 57. Nh5+ Kg8
58. Nf6+ Kg7 59. Nh5+ {Both players are convinced that they have had enough
adventures for one game.} gxh5 60. Qg2+ Kh6 61. axb3 Qxb3 62. Qc6+ {with a
draw by perpetual check most likely.} 1/2-1/2

[Event "Paris Apsap op 103rd"]
[Site "Paris"]
[Date "2008.08.11"]
[Round "4"]
[White "Goldsztejn, Gildas"]
[Black "Guliyev, Namig"]
[Result "0-1"]
[WhiteElo "2374"]
[BlackElo "2510"]
[Annotator "Primel,D"]
[PlyCount "106"]
[EventDate "2008.08.06"]
[EventType "swiss"]
[EventRounds "9"]
[EventCountry "FRA"]
[SourceTitle "EXT 2010"]
[Source "ChessBase"]
[SourceDate "2010.11.25"]
[SourceVersion "1"]
[SourceVersionDate "2010.11.25"]
[SourceQuality "1"]

1. e4 c5 2. Nf3 d6 3. d4 cxd4 4. Nxd4 Nf6 5. Nc3 Nc6 6. Bg5 e6 (6... Bd7 {
préféré par ABERGEL}) 7. Qd2 a6 8. O-O-O Bd7 $5 {Le GMI croate KOZUL est le
grand spécialiste de cette variante solide mais un peu passive. Les noirs vont
gagner la paire de B mais en contrepartie, la structure sera affaiblie surtout
après la poussée f4f5 qui fixe la faiblesse "f6". Par ailleurs, le K noir est
condamné а rester au centre et c'est une ligne assez risquée pour les noirs
mais KOZUL a des trés bons résultats avec cette variante qui lui a notamment
donné des points précieux lorsqu'il a gagné le Championnat d'Europe. Elle
reste néanmoins théoriquement controversée et dans sa monographie consacrée а
la variante "classique" de la Sicilienne, YERMOLINSKY a qualifié la variante
KOZUL de "suicidaire"!} (8... h6 {L'alternative} 9. Be3 Be7 10. f4 (10. f3)) 9.
f4 (9. f3 Rc8 {Salgado Lopez,I (2461)-Guliyev,N (2590) Rodriguez Pena mem 2007
(3) 0-1}) 9... b5 (9... Qc7) (9... Be7 10. Be2 Qc7 11. Bf3 {[%csl Gd5]} O-O-O
$11) (9... Be7 {Guliyev,N (2510)-Shirazi,K (2440) 103 ème open FIDE Club 608
2008 (9.2) 1/2}) 10. Bxf6 gxf6 11. f5 $1 {[%csl Rf6]} (11. Kb1 Qb6 12. Nxc6
Bxc6 13. f5 $5 (13. Qe1 {[%cal Ge1e8,Gc3d5,Ge4d5]} Ra7 $5 {[%csl Rf7][%cal
Ga7c7] Un coup "multifonction" intéressant trouvé également par KOZUL, la R
peut soit participer а l'attaque sur la colonne "c", soit défendre la 7ème
rangée et notamment la faiblesse "f7". Par ailleurs la menace Nd5 serait
maintenant contrée par Re7}) 13... h5 {Svetushkin,D (2557)-Kozul,Z (2600)
EU-ch 7th Kusadasi 2006 (5) 0-1} (13... b4 14. Ne2 (14. fxe6 $1 $146 {Toutes
les parties ont continué avec Ne2 mais fe6 mériterait un essai pratique} bxc3 {
La ligne critique et les blancs semblent avoir assez de jeu pour la pièce car
le K blanc est trés exposé.} (14... fxe6 15. Ne2 {retombe par interversion de
coups sur les lignes habituelles} Bxe4 {Sadvakasov,D (2509)-Yermolinsky,A 
(2596) Chesswise int op 2000 (4) 1/2} (15... e5 $6 16. Ng3 {[%csl Gd5,Gf5]} h5
17. h4 $16)) 15. Qxc3 {[%csl Rf6]} Be7 16. exf7+ Kxf7 (16... Kf8 17. Rxd6 $3
Bxd6 18. Qxf6 {[%cal Gf6d6,Gf6h8]}) 17. Bc4+ {[%csl Rf7]} Ke8 (17... Kg7 18.
Qg3+ Kf8 19. Rxd6 $1 Qc5 {[%cal Gc5c4,Gc5d6]} (19... Rb8 20. b3 $16) 20. Rxc6
$1 Qxc6 21. Bd5 {[%csl Ra8]}) 18. Rxd6 $1 (18. Rd4 Rb8 19. Rhd1 $44) 18... Bxd6
19. Qxf6 {[%csl Re8]} Kd7 20. Qg7+ Be7 21. Rd1+ Kc7 22. Qxe7+ Kb8) 14... e5 (
14... Bxe4 15. fxe6 fxe6 16. Nf4 $36 {[%csl Re6]}) 15. Ng3 h5 $132 {[%cal
Gh5h4,Gf8h6];Bologan,V (2700)-Kotronias,V (2578) EU-ch 6th Warsaw 2005 (5) 1/2}
)) 11... Nxd4 (11... Qb6 $142 $5 {[%cal Gb6d4] semble un peu meilleur car les
noirs développent une pièce tout en donnant l'option du ooo pour le K noir.}
12. Nxc6 Bxc6 13. fxe6 fxe6 14. Kb1 O-O-O $11 {Akopian,V (2684)-Ivanchuk,V 
(2710) Warsaw AIG Life rapid final 2003 (2) 1/2}) (11... h5 $143 $6 {[%csl Rh5]
[%cal Gf8h6]} 12. Kb1 $14 {Prandstetter,E (2415)-Kozul,Z (2505) Tbilisi 1988
1-0}) 12. Qxd4 Bh6+ {[%cal Gh6f4,Gf4d6]} 13. Kb1 Bf4 14. fxe6 {[%cal Gf1d3,
Gh1f1]} (14. Ne2 {[%cal Ge2f4] l'alternative} Be5 15. Qd2 {Tal,M (2610)-Kozul,
Z (2490) Marseille 1989 1/2}) 14... fxe6 15. Be2 {[%cal Ge2h5]} (15. Ne2 $142 {
plus courant et il y a trés peu de parties avec Be2 qui menace Bh5} Be5 {
David,A (2455)-Kozul,Z (2580) Bled op 17th 1996 (4) 1/2}) 15... O-O {C'est une
nouveauté "OTB" mais ce coup a déja été joué dans deux parties par
correspondance dans les années 60. Le petit roque semble assez risqué pour les
noirs а cause de la colonne "g" semi ouverte.} (15... h5 $5 {Zuidema,C-Bertok,
M IBM-B Amsterdam 1963 (2) 0-1}) 16. Bg4 Rc8 $146 (16... Be5 {
Bratschko-Trofimov,A Baltic Sea tt1 corr 0-1}) 17. Qd3 Qe7 $6 {Un coup naturel
pour protéger la faiblesse "e6" mais la Q est passive} (17... Be5 {[%cal Ge5c3,
Gc8c3]}) (17... Qc7 $142 {[%csl Rc2][%cal Gf4e5]} 18. Ne2 Be5 $132 19. Nd4 (19.
g3 Qc4 $1 {En cas d'échange des Q, les noirs auront assez de contre-jeu avec
le centre et la paire de B}) 19... Bxd4 $1) 18. Ne2 $1 {[%cal Ge2f4]} Be5 19.
Nd4 $14 {[%csl Re6]} Rc4 20. Nf3 $1 {[%cal Gf3e5] Elimine une pièce importante
pour les noirs.} Bc8 (20... Bf4 21. g3 $16) 21. Nxe5 dxe5 22. Qd6 $6 Qxd6 23.
Rxd6 f5 $1 (23... Rxe4 $143 24. Bxe6+ Bxe6 25. Rxe6 $11) 24. Bf3 fxe4 $5 {
[%csl Gd3,Gd4,Gd5,Gf3,Gf4,Gf5] les P sont triplés mais ils controlent des
cases importantes} 25. b3 $6 Rd4 $2 (25... exf3 $142 $1 26. bxc4 fxg2 27. Rg1
Bb7 $17 {[%csl Gg2][%cal Gf8f1]}) 26. Rxd4 exd4 27. Bxe4 Rf2 28. Rd1 e5 $15 29.
c3 $1 {[%csl Rc8][%cal Gd1d8]} Bg4 30. Rd3 Rf4 31. Bd5+ Kg7 32. Kb2 Rf2+ 33.
Ka3 $6 (33. Kc1 Bf5 34. Rg3+ Bg6 35. cxd4 exd4 36. a3) 33... Bf5 $1 $36 34.
Rg3+ Kf6 $17 35. cxd4 exd4 36. Rf3 $6 Rxf3 37. Bxf3 Ke5 $17 38. g3 d3 39. Kb2
Kd4 {[%csl Rb2,Gd4]} 40. b4 Ke3 $17 41. Bh5 Bh3 42. Kc1 d2+ 43. Kc2 Bf1 44. Bd1
Bd3+ 45. Kc3 Be2 46. Kc2 h5 47. a3 Bg4 48. h3 Be2 49. g4 h4 50. g5 Bd3+ 51. Kc3
Bf5 52. Bb3 Bxh3 53. g6 Be6 0-1